000 01419nam0a22002891 4500
001 rc\4361588
005 20260407173429.0
021 _aRU
_bРг6046-64
035 _a(NLR Aleph) 008282861
090 _a8527489
_c8527489
100 _a20130416d1964 |||y0rusy50 ca
101 0 _arus
102 _aRU
105 _ay z |||||
200 1 _aАнализ и сопоставление проектных и фактических данных по бетону плотин Братской ГЭС
_fГос. производ. ком. по энергетике и электрификации СССР. Совещание по строительству высоких бетонных плотин на скальном основании
210 _a[Москва
_cБ. и.
_d1964]
215 _a16 с.
_cграф.
_d26
300 _aПеред загл. авт.: канд. техн. наук Ц.Г. Гинзбург, Д.Ф. Ершов
300 _aБез тит. л. и обл.
700 1 _aГинзбург
_bЦ.Г.
_gЦезарь Григорьевич
701 1 _aЕршов
_bД.Ф.
712 1 2 _aСовещание по строительству высоких бетонных плотин на скальном основании
_f1964
_eМосква
_3RU\NLR\AUTH\8810110459
_9720800
801 0 _aRU
_bNLR
_gpsbo
801 1 _aRU
_bELAR
_2rusmarc
852 _aNLR
_j64-7/1830
942 _cBOOK
980 _aNB